Football players who have played for Chelsea and Tottenham - Statistics

General Stats
  • This quiz has been taken 296 times
    24 since last reset
  • The average score is 8 of 35
Answer Stats
Years at Chelsea Years at Spurs Player % Correct
2019-2024 2026-present Conor Gallagher
67%
2001-2006 2010-2013 William Gallas
62%
2020-2022 2024-2025 (loan) Timo Werner
57%
1997-2001 2001-2004 Gustavo Poyet
43%
1957-1961 1961-1970 Jimmy Greaves
43%
2014-2017 2024-present Dominic Solanke
38%
1950-1955 1955-1964 Bobby Smith
33%
1999-2000 (loan),2000-2009 2009-2012 Carlo Cudicini
33%
2000-2006 2010 (loan) Eidur Gudjohnsen
33%
1993-1995 1975-1987 Glenn Hoddle
29%
1988-1990 1980-1986 Graham Roberts
29%
2004-2005 2011-2013 Scott Parker
29%
1985-1990 1978-1985,1993-1995 Micky Hazard
24%
2003-2004 2000-2003 Neil Sullivan
24%
1960-1966 1966-1969 Terry Venables
24%
1991-1992 1984-1988 Clive Allen
19%
1987-1990 1995-1999 Clive Wilson
19%
1986-1991 1991-1993 Gordon Durie
19%
1954-1959 1959-1965 Les Allen
19%
1980-1987 1977-1980 Colin Lee
14%
1988-1992 1992 (loan),1992-1996 Jason Cundy
14%
1922-1927 1927-1929 Jimmy Armstrong
14%
1982 (loan) 1978-1986 Mark Falco
14%
1908-1912 1913-1914 Bill Cartwright
5%
1919-1923 1923-1925 Buchanan Sharp
5%
1905-1906 1899-1905 David Copeland
5%
1905-1908 1899-1905 Jack Kirwan
5%
1959-1961 1953-1959 Johnny Brooks
5%
1970-1971 1964-1967 Keith Weller
5%
1908-1909 1909-1911 Percy Humphreys
5%
1923-1924 1919-1920 Sid Castle
5%
1951-1955 1946-1950 Sid Tickridge
5%
1906-1909 1910 Ted Birnie
5%
1962-1964 1951-1960 Tommy Harmer
5%
1909-1915 1901-1909 Vivian Woodward
5%
No matching quizzes found
Score Distribution
Percent of People with Each Score
Percentile by Number Answered
Your Score History
You have not taken this quiz since the last reset